Czy znasz wszystkie tytuły odcinków serialu "Miodowe lata"? - Statystyki

Ogólne statystyki
  • Ten quiz został rozwiązany 572 razy
  • Średni wynik to 72 z 131
Statystyki odpowiedzi
Numer odcinka Tytuł % Poprawnych
1 Żywe zwłoki
84%
15 | 60 Awans
74%
131 Lepsze życie.pl
74%
2 List do szefa
74%
5 Kto PIT-a, nie błądzi
71%
10 Ptak na parapecie
71%
83 Kanalersi
70%
51 Ciocia Jadzia
67%
9 Golfista
67%
4 Kucharz przyszłości
67%
68 Cypryjski łącznik
66%
7 Robot kuchenny
66%
28 TV or not TV
65%
3 Głowa rodziny
64%
54 Napad
64%
99 Nowy hymn
64%
40 Pieśń strudzonego renifera
64%
6 Witaj mamo
64%
52 Idol
63%
48 Leśne zacisze
63%
22 Lunatyk
63%
17 Pieskie życie
63%
13 Przed pierwszą gwiazdką
63%
97 List z Nigerii
62%
67 Przepraszam Cię
62%
77 Tadzio Krawczyk i Karol Norek
62%
100 Bardzo białe Boże Narodzenie
61%
8 Mocne plecy
61%
35 Na ryby
61%
43 Safari
61%
23 Smak wolności
61%
39 Wiecznie młodzi
61%
38 Alina i Blondyna
60%
33 Duży miś
60%
41 Gwiazda reklamy
60%
89 Kuzguwu Boski Dynamit
60%
64 Metoda X
60%
87 Jajeczko Fabergé
59%
12 Karol Krawczyk S.A.
59%
58 Mecz derbowy
59%
128 Mur czyli zemsta
59%
66 Rodzina patologiczna
59%
81 Romeo z W(e)ronek
59%
37 Sprawa wielkiej wagi
59%
71 Bar szybkiej obsługi
58%
73 Partia
58%
124 Strajk
58%
80 Walka płci
58%
94 Copywriterzy
57%
16 Sierżant roku
57%
118 Trup w szafie
57%
61 Wróżka
57%
18 Lewa forsa
56%
44 List miłosny
56%
21 Mój braciszek Karol
56%
11 Na nowej drodze życia
56%
14 Niespodzianka urodzinowa
56%
91 Remont
56%
121 SMS
56%
93 Szefowa z kanałów
56%
27 Decydujący głos
55%
110 Dola idola
54%
120 Kit Show
54%
55 Koniec świata
54%
85 Krzyżacy
54%
79 Mikołajki
54%
62 Ochroniarze
54%
56 Płyn na porost włosów
54%
127 Pokerowa zagrywka
54%
50 Telefon do dozorcy
54%
86 Azor
53%
119 Baca
53%
49 Business lunch
53%
36 Fatum, Los, Przeznaczenie
53%
98 Honor Albatrosa
53%
74 Krawczyk przeciwko Norkowi
53%
29 Odmienny stan
53%
65 Ubezpieczenie na życie
53%
45 Wielkie manewry
53%
108 Zbyszek
53%
105 Ale kino!
52%
102 Karolashimaru Krawczykobono
52%
115 Podwójne ubezpieczenie
52%
130 Supermarket
52%
19 Eksmisja
51%
57 Karol "Bombowiec" Krawczyk
51%
101 Salon masażu
51%
59 Szczęśliwe pudełka
51%
117 Wspólny wróg
51%
109 Mysz
50%
116 Wywiadówka
50%
72 Eksperyment medyczny
49%
104 Koh-I-Noor
49%
30 Męska duma
49%
20 Odpowiedź za 99.000 zł
49%
88 Ukryte kamery
49%
103 Ciotka z Ameryki
48%
76 Egzorcysta
48%
125 Męski ideał
48%
53 Obiecujący młody człowiek
48%
90 Odmienne stany świadomości
48%
32 Opiekunka do dziecka
48%
24 Przybysz z kosmosu
48%
42 Wariackie papiery
48%
46 W pułapce
48%
111 Zjazd absolwentów
48%
129 Kolędnicy
47%
75 Bjorn Bergenstrup
46%
31 Dzikość serca
46%
112 Medium
46%
47 Menadżer
46%
92 Mister uprzejmości
46%
78 Mordercy są wśród nas
46%
25 Wspaniały kumpel
46%
107 Nowa twarz
45%
63 Sprawa dla detektywa
45%
106 Informator
44%
69 Język Ciała
44%
122 Tajny szyfr
44%
82 Wewnętrzne dziecko
44%
34 Wielka szansa
44%
123 Alergia
43%
114 Kwartet egzotyczny
43%
26 Magia sceny
43%
70 Rendez-vous w ciemno
43%
113 Wielki szmal
42%
95 Jedyny w swoim rodzaju
41%
96 Miłość jest ślepa
41%
84 Wieczór we dwoje
41%
126 Ziarnko do ziarnka
37%
Nie znaleziono quizów pasujących do podanych kryteriów
Rozkład punktacji
Procent ludzi z każdym wynikiem
Percentyl według liczby udzielonych odpowiedzi
Twoja historia wyników
Nie rozwiązałeś tego quizu